000 00700cab a22002055a 4500
001 L141307
008 071115e20071102xxka f 000 0 eng d
035 _a(Sirsi) u141307
041 0 _aeng
100 1 _aEade, Christine
245 0 2 _aA history of modern property
_bpart 7 - 1992-2001 turmoil, triumph and tragedy
260 _c2007
490 0 _aProperty Week
_v72(44) 2 November 2007, 39-46(8)
520 _aAssesses the impact of shopping centres. Explores how the quoted sector rebuilt their city reputation.
651 4 _aUnited Kingdom
_y
690 _aPROPERTY-COMMERCIAL PROPERTY-RETAIL PROPERTY-SHOPPING CENTRES
700 1 _aWhitmore, James
700 1 _aGibbon, Tony
942 _n0
999 _c79448
_d79448